[Event "Bremen Silvester op-A"]
[Site "Bremen"]
[Date "2022.12.30"]
[Round "7"]
[White "Donath, Johann"]
[Black "Schiller, Jan Hendrik"]
[Result "1-0"]
[WhiteElo "2043"]
[BlackElo "1879"]
[PlyCount "77"]
[EventDate "2022.12.27"]
[EventType "swiss"]
[EventRounds "7"]
[EventCountry "GER"]
[SourceTitle "CBM 211 Extra"]
[Source "ChessBase"]
[SourceDate "2023.01.31"]
[SourceVersion "1"]
[SourceVersionDate "2023.01.31"]
[SourceQuality "1"]

1. e4 e6 2. d4 d5 3. Nc3 Nc6 4. Nf3 Nf6 5. e5 Ne4 6. a3 Nxc3 7. bxc3 Na5 8. Bd3 h6 9. g4 c5 10. g5 c4 11. Bf1 g6 12. gxh6 Bxh6 13. Bxh6 Rxh6 14. h4 Bd7 15. Ng5 Ba4 16. Qc1 Rh8 17. Be2 Qe7 18. Qf4 Bxc2 19. Qf6 Qxf6 20. exf6 Nb3 21. Ra2 Bf5 22. Rb2 b6 23. Kd1 b5 24. h5 a5 25. Ra2 gxh5 26. Rxh5 Rxh5 27. Bxh5 Ra7 28. f4 Rc7 29. Rg2 b4 30. axb4 axb4 31. Nxf7 Rxf7 32. Rg8+ Kd7 33. Bxf7 bxc3 34. Be8+ Kd6 35. f7 c2+ 36. Ke2 Nxd4+ 37. Kf2 c1Q 38. f8Q+ Kc7 39. Qc5+ 1-0

[Event "Bremen Silvester op-A"]
[Site "Bremen"]
[Date "2022.12.27"]
[Round "1"]
[White "Frischmann, Lucas"]
[Black "Donath, Johann"]
[Result "1/2-1/2"]
[WhiteElo "1719"]
[BlackElo "2043"]
[PlyCount "80"]
[EventDate "2022.12.27"]
[EventType "swiss"]
[EventRounds "7"]
[EventCountry "GER"]
[SourceTitle "CBM 211 Extra"]
[Source "ChessBase"]
[SourceDate "2023.01.31"]
[SourceVersion "1"]
[SourceVersionDate "2023.01.31"]
[SourceQuality "1"]

1. c4 Nf6 2. g3 e6 3. Bg2 d5 4. Nf3 dxc4 5. 0-0 Nc6 6. Na3 Bxa3 7. bxa3 Rb8 8. Qc2 b5 9. d3 Ba6 10. Rd1 Qe7 11. Bb2 0-0 12. dxc4 bxc4 13. Ng5 Rxb2 14. Qxb2 Qc5 15. Ne4 Nxe4 16. Bxe4 c3 17. Qc2 Nd4 18. Bxh7+ Kh8 19. Rxd4 Qxd4 20. Rd1 Qc5 21. Bd3 Bb7 22. Rc1 Rc8 23. Qb3 Qd5 24. f3 c5 25. Rxc3 Qd4+ 26. Kg2 Bd5 27. Bc4 Kg8 28. Qc2 g6 29. Bd3 c4 30. e4 Rb8 31. Bf1 Rb1 32. exd5 Rd1 33. Rd3 Rxd3 34. Bxd3 cxd3 35. Qc8+ Kg7 36. dxe6 fxe6 37. Qxe6 d2 38. Qe7+ Kh6 39. Qf8+ Kh7 40. Qf7+ Qg7 1/2-1/2

[Event "Berlin-ch MT"]
[Site "Berlin"]
[Date "2017.04.15"]
[Round "7"]
[White "Donath, Johann"]
[Black "Stern, Rene"]
[Result "0-1"]
[WhiteElo "2072"]
[BlackElo "2506"]
[PlyCount "98"]
[EventDate "2017.04.10"]
[EventType "swiss"]
[EventRounds "9"]
[EventCountry "GER"]
[SourceTitle "CBM 189 Extra"]
[Source "ChessBase"]
[SourceDate "2019.06.03"]
[SourceVersion "1"]
[SourceVersionDate "2019.06.03"]
[SourceQuality "1"]

1. e4 e5 2. Nf3 Nc6 3. Bc4 Be7 4. d3 Nf6 5. 0-0 0-0 6. Re1 d6 7. a4 a6 8. Nbd2 h6 9. Nf1 Nh7 10. c3 Be6 11. Bb3 Rb8 12. Bc2 Ng5 13. Nxg5 Bxg5 14. Bxg5 Qxg5 15. Qd2 Qxd2 16. Nxd2 Rbd8 17. Nf3 f6 18. Rad1 g5 19. d4 Ne7 20. Rd2 Kg7 21. Kh1 Ng6 22. Rb1 Kf7 23. Re1 Ke7 24. Ra1 Ra8 25. Ng1 h5 26. Re1 Rfd8 27. Red1 Rab8 28. Ra1 c5 29. dxc5 dxc5 30. Rxd8 Rxd8 31. Rd1 Rc8 32. b3 Nf8 33. Ne2 Nd7 34. Kg1 Nb8 35. Kf1 Nc6 36. Rb1 Rc7 37. Ke1 b5 38. axb5 axb5 39. Ra1 b4 40. c4 h4 41. f3 Ra7 42. Rxa7+ Nxa7 43. g4 hxg3 44. hxg3 Nc6 45. g4 Nd4 46. Nxd4 exd4 47. Kf2 Kd6 48. Bd3 Ke5 49. Be2 d3 0-1

[Event "Berlin-ch MT"]
[Site "Berlin"]
[Date "2017.04.13"]
[Round "5"]
[White "Donath, Johann"]
[Black "Gebigke, Martin"]
[Result "0-1"]
[WhiteElo "2072"]
[BlackElo "2105"]
[PlyCount "192"]
[EventDate "2017.04.10"]
[EventType "swiss"]
[EventRounds "9"]
[EventCountry "GER"]
[SourceTitle "CBM 189 Extra"]
[Source "ChessBase"]
[SourceDate "2019.06.03"]
[SourceVersion "1"]
[SourceVersionDate "2019.06.03"]
[SourceQuality "1"]

1. e4 c5 2. c3 d5 3. exd5 Qxd5 4. d4 Nf6 5. Nf3 e6 6. Be3 Be7 7. dxc5 Qxd1+ 8. Kxd1 0-0 9. Nbd2 Ng4 10. Nc4 Nxe3+ 11. Nxe3 Bxc5 12. b4 Be7 13. Bd3 a5 14. b5 Nd7 15. c4 f5 16. Re1 Bf6 17. Rc1 Nc5 18. Kc2 b6 19. Nd2 a4 20. Be2 a3 21. Nb3 Ne4 22. Nd1 Ra4 23. f3 Nd6 24. c5 bxc5 25. Nxc5 Rh4 26. h3 Rd4 27. Kb3 Nb7 28. Nd3 Na5+ 29. Kxa3 Bd7 30. Nc3 Ra8 31. Kb2 Nc4+ 32. Kc2 Ra3 33. f4 Ne3+ 34. Kb2 Nc4+ 35. Kc2 Rd6 36. Ne5 Rd2+ 37. Kb1 Nxe5 38. Red1 Rxd1 39. Rxd1 Nf7 40. Rxd7 Rxc3 41. b6 Rc6 42. b7 Rb6+ 43. Kc2 Rb2+ 44. Kd3 Nd8 45. Bf3 Kf8 46. a4 Ke8 47. Rc7 e5 48. Bd5 e4+ 49. Ke3 Nxb7 50. Rxb7 Rxg2 51. a5 Rg3+ 52. Ke2 Ra3 53. Bf7+ Kf8 54. a6 Rxa6 55. Bc4 Ra5 56. Rb5 Rxb5 57. Bxb5 Bd4 58. Bd7 g6 59. Be6 Ke7 60. Bg8 h6 61. Kd2 Kf6 62. Ke2 Bc3 63. Ke3 Bb2 64. Kf2 Bc1 65. Kg3 Bd2 66. Bd5 Kg7 67. Bc4 Bb4 68. Kf2 Ba3 69. Bd5 Bb4 70. Ke3 h5 71. Be6 h4 72. Ke2 Ba3 73. Kd2 Kf6 74. Bd7 Bb2 75. Bc8 Ke7 76. Kd1 Kd6 77. Kd2 Ba3 78. Ba6 Kd5 79. Bb5 Kd4 80. Be8 Bd6 81. Bxg6 Bxf4+ 82. Ke2 Ke5 83. Be8 Bc1 84. Bd7 Kf4 85. Be6 Kg5 86. Bd7 Ba3 87. Be6 Bc5 88. Bd7 Bg1 89. Be6 Bh2 90. Bd7 Bb8 91. Be6 Kf4 92. Bd7 Ke5 93. Bc8 Ba7 94. Bd7 Kf6 95. Bc8 Kg5 96. Bd7 f4 0-1

[Event "Berlin-ch MT"]
[Site "Berlin"]
[Date "2017.04.10"]
[Round "2"]
[White "Barath, Madhan"]
[Black "Donath, Johann"]
[Result "1-0"]
[WhiteElo "2213"]
[BlackElo "2072"]
[PlyCount "65"]
[EventDate "2017.04.10"]
[EventType "swiss"]
[EventRounds "9"]
[EventCountry "GER"]
[SourceTitle "CBM 189 Extra"]
[Source "ChessBase"]
[SourceDate "2019.06.03"]
[SourceVersion "1"]
[SourceVersionDate "2019.06.03"]
[SourceQuality "1"]

1. d4 d5 2. c4 dxc4 3. e4 Nf6 4. e5 Nd5 5. Bxc4 Nb6 6. Bd3 Nc6 7. Be3 Nb4 8. Be4 N4d5 9. Nc3 e6 10. Nge2 Bd7 11. 0-0 Bc6 12. a3 a5 13. Qd3 Qd7 14. Rfc1 Be7 15. Rc2 h6 16. Ng3 Bh4 17. Nh5 Kf8 18. Nf4 Nxf4 19. Bxf4 Bxe4 20. Nxe4 Be7 21. Rac1 Nd5 22. Bd2 g6 23. g3 Kg7 24. h4 h5 25. Nc5 Bxc5 26. Rxc5 b6 27. Rc6 Rhd8 28. Bg5 Rdc8 29. Qf3 Re8 30. g4 hxg4 31. Qxg4 Rac8 32. h5 Ne7 33. Bf6+ 1-0

[Event "Berlin Lichtenberger op 14th"]
[Site "Berlin"]
[Date "2015.08.21"]
[Round "7"]
[White "Donath, Johann"]
[Black "Niehaus, Frank"]
[Result "0-1"]
[WhiteElo "2060"]
[BlackElo "2203"]
[PlyCount "134"]
[EventDate "2015.08.15"]
[EventType "swiss"]
[EventRounds "9"]
[EventCountry "GER"]
[SourceTitle "EXT 2016"]
[Source "ChessBase"]
[SourceDate "2015.10.08"]
[SourceVersion "1"]
[SourceVersionDate "2015.10.08"]
[SourceQuality "1"]

1. e4 d6 2. d4 Nf6 3. Bd3 e5 4. dxe5 dxe5 5. Nf3 Nbd7 6. 0-0 Be7 7. Nc3 c6 8. Ne2 0-0 9. Ng3 Qc7 10. c3 Nc5 11. Bc2 a5 12. b4 Rd8 13. Qe2 axb4 14. cxb4 Ne6 15. Bb2 Nf4 16. Qe3 Ng4 17. Qc3 f6 18. h3 Nh6 19. Bc1 Qb6 20. Bxf4 exf4 21. Ne2 Qxb4 22. Bb3+ Kh8 23. Qxb4 Bxb4 24. Nxf4 Re8 25. Rad1 Ba5 26. Rd4 Bc7 27. Nd3 b6 28. Re1 c5 29. Ra4 Ba6 30. Bd5 Bb7 31. Bxb7 Rxa4 32. Bc6 Raa8 33. Bxe8 Rxe8 34. e5 Kg8 35. exf6 Rxe1+ 36. Nfxe1 gxf6 37. Kf1 Kf7 38. Ke2 Ke6 39. Nb2 Kd5 40. Kd3 b5 41. Kc2 Nf5 42. Nd1 Nd4+ 43. Kb1 Ba5 44. Nd3 c4 45. Ne3+ Kc6 46. Nb2 Be1 47. a4 bxa4 48. Nxa4 Kb5 49. Nb2 c3 50. Nd3 Bd2 51. g4 Kc6 52. Nb4+ Kd7 53. Nf5 Nf3 54. Nd3 Ke6 55. Kc2 Ng1 56. Nd4+ Kd5 57. Nb3 Nxh3 58. Nxd2 cxd2 59. Kxd2 Ke4 60. Ke2 Ng1+ 61. Kf1 Nf3 62. Kg2 Nd2 63. Ne1 Kf4 64. f3 Ke3 65. Kg3 Ke2 66. f4 Kxe1 67. g5 f5 0-1

[Event "Berlin Lichtenberger op 14th"]
[Site "Berlin"]
[Date "2015.08.20"]
[Round "6"]
[White "Khorolskyi, Borys"]
[Black "Donath, Johann"]
[Result "0-1"]
[WhiteElo "1936"]
[BlackElo "2060"]
[PlyCount "126"]
[EventDate "2015.08.15"]
[EventType "swiss"]
[EventRounds "9"]
[EventCountry "GER"]
[SourceTitle "EXT 2016"]
[Source "ChessBase"]
[SourceDate "2015.10.08"]
[SourceVersion "1"]
[SourceVersionDate "2015.10.08"]
[SourceQuality "1"]

1. b3 d5 2. Bb2 Nd7 3. Nf3 Ngf6 4. g3 e6 5. Bg2 Bd6 6. d3 0-0 7. 0-0 Re8 8. Nbd2 e5 9. e4 dxe4 10. Nxe4 Nxe4 11. dxe4 Qe7 12. Nd2 Nf6 13. Nc4 Bg4 14. Qe1 Rad8 15. Nxd6 Qxd6 16. f3 Bd7 17. Rd1 Qa6 18. a3 h5 19. Qe3 h4 20. Rf2 hxg3 21. hxg3 b6 22. Rfd2 Qc8 23. Qg5 Nh7 24. Qh4 Nf8 25. Kf2 f6 26. Qh1 Be6 27. Qe1 g5 28. Bf1 Ng6 29. Bb5 Rf8 30. g4 Nf4 31. Qf1 c6 32. Bc4 Rxd2+ 33. Rxd2 Rd8 34. Bxe6+ Nxe6 35. Qd1 Rxd2+ 36. Qxd2 Qd8 37. Qxd8+ Nxd8 38. a4 Kf7 39. Ke3 c5 40. Kd3 Ke6 41. Kc4 Kd6 42. Kb5 Kc7 43. a5 Kb7 44. a6+ Kc7 45. c3 Ne6 46. Ba3 Kd6 47. b4 Nc7+ 48. Ka4 cxb4 49. Bxb4+ Kd7 50. Ba3 Nxa6 51. Kb5 Nc7+ 52. Kc4 a5 53. Bc1 Kc6 54. Ba3 b5+ 55. Kb3 Kd7 56. Bc5 Ne6 57. Bb6 a4+ 58. Kb4 Nf4 59. Be3 Nd3+ 60. Ka3 Kc6 61. c4 bxc4 62. Kxa4 Ne1 63. Kb4 Nc2+ 0-1

[Event "Berlin Lichtenberger op 14th"]
[Site "Berlin"]
[Date "2015.08.16"]
[Round "2"]
[White "Birkestrand, Odd"]
[Black "Donath, Johann"]
[Result "0-1"]
[WhiteElo "1789"]
[BlackElo "2060"]
[PlyCount "68"]
[EventDate "2015.08.15"]
[EventType "swiss"]
[EventRounds "9"]
[EventCountry "GER"]
[SourceTitle "EXT 2016"]
[Source "ChessBase"]
[SourceDate "2015.10.08"]
[SourceVersion "1"]
[SourceVersionDate "2015.10.08"]
[SourceQuality "1"]

1. e4 e5 2. Nf3 Nc6 3. Bc4 Bc5 4. c3 Nf6 5. 0-0 Nxe4 6. d4 d5 7. Bb5 exd4 8. cxd4 Be7 9. Ne5 Bd7 10. Nxd7 Qxd7 11. Be3 0-0 12. f3 Nd6 13. Ba4 Bf6 14. Nc3 Nc4 15. Bc1 Nb6 16. Be3 Nc4 17. Bc1 Rfe8 18. b3 Nb6 19. Bxc6 Qxc6 20. Bb2 Nc8 21. Rc1 Qd7 22. Qd3 c6 23. Rce1 Nd6 24. g4 h5 25. h3 Qc7 26. Kg2 Bh4 27. Re5 Bf6 28. Nxd5 cxd5 29. Rxh5 g6 30. Rxd5 Rad8 31. g5 Bg7 32. Rc5 Qe7 33. Kf2 Nf5 34. Qd2 Qxc5 0-1

[Event "Berlin Lichtenrade op 10th"]
[Site "Berlin"]
[Date "2014.10.25"]
[Round "8"]
[White "Bolk, Matthias"]
[Black "Donath, Johann"]
[Result "0-1"]
[WhiteElo "2095"]
[BlackElo "1973"]
[PlyCount "80"]
[EventDate "2014.10.18"]
[EventType "swiss"]
[EventRounds "9"]
[EventCountry "GER"]
[SourceTitle "EXT 2015"]
[Source "ChessBase"]
[SourceDate "2014.11.20"]
[SourceVersion "1"]
[SourceVersionDate "2014.11.20"]
[SourceQuality "1"]

1. e4 e5 2. Nc3 Nf6 3. f4 d5 4. fxe5 Nxe4 5. d3 Nxc3 6. bxc3 c5 7. Nf3 Nc6 8. Be2 Be7 9. 0-0 0-0 10. d4 cxd4 11. cxd4 Bg4 12. Rb1 Qd7 13. c3 f6 14. Bf4 Rac8 15. h3 fxe5 16. Bxe5 Bf5 17. Rb2 Na5 18. Bb5 Qd8 19. Qe1 a6 20. Be2 Ba3 21. Qg3 Bg6 22. Rd2 Rxc3 23. Rd3 Rc2 24. Rxa3 Rxe2 25. Bc7 Qe7 26. Rxa5 Qe3+ 27. Kh1 Be4 28. Be5 g6 29. Rc5 Bxf3 30. gxf3 Qd3 31. Rc7 Rxe5 32. Rf2 Re1+ 33. Kg2 Qd1 34. Qh4 h5 35. Rxb7 Rg1+ 36. Kh2 Rh1+ 37. Kg3 Qg1+ 38. Rg2 Qe1+ 39. Rf2 Rg1+ 40. Kh2 g5 0-1

[Event "GER-chT Lands U20"]
[Site "Hannover"]
[Date "2013.10.03"]
[Round "2.3"]
[White "Donath, Johann"]
[Black "Zahn, Alina"]
[Result "1/2-1/2"]
[WhiteElo "1932"]
[BlackElo "1944"]
[PlyCount "124"]
[EventDate "2013.10.02"]
[EventType "team-swiss"]
[EventRounds "7"]
[EventCountry "GER"]
[SourceTitle "EXT 2014"]
[Source "ChessBase"]
[SourceDate "2013.11.20"]
[SourceVersion "1"]
[SourceVersionDate "2013.11.20"]
[SourceQuality "1"]
[WhiteTeam "Berlin"]
[BlackTeam "Thueringen"]
[WhiteTeamCountry "GER"]
[BlackTeamCountry "GER"]

1. e4 e5 2. Nf3 Nc6 3. d4 exd4 4. Nxd4 Bc5 5. Nb3 Bb6 6. Nc3 Nf6 7. Qe2 0-0 8. Be3 Re8 9. f3 d5 10. 0-0-0 Be6 11. g4 Qc8 12. g5 Nd7 13. Nxd5 Bxd5 14. Rxd5 Nb4 15. Rd1 Bxe3+ 16. Qxe3 Nb6 17. a3 Nc6 18. h4 Qe6 19. h5 Qe5 20. Nc5 Na5 21. Nd3 Qe6 22. b3 Nxb3+ 23. cxb3 Qxb3 24. Qd4 Re6 25. h6 f6 26. Nb2 Qxf3 27. Bc4 Nxc4 28. Qxc4 Rae8 29. g6 gxh6 30. gxh7+ Kxh7 31. Rd7+ R8e7 32. Rxe7+ Rxe7 33. Re1 Qxa3 34. Qd4 Qa1+ 35. Kd2 Qa5+ 36. Kd1 Qh5+ 37. Kc2 Qh4 38. Nd3 a6 39. Qd5 c6 40. Qf5+ Kh8 41. Re2 Qg5 42. Qh3 Rg7 43. Rf2 Kh7 44. Qe6 Qg4 45. Rxf6 Qxe6 46. Rxe6 h5 47. Rf6 Re7 48. e5 Kg7 49. Rd6 h4 50. Rd4 h3 51. Rg4+ Kh8 52. Nf4 h2 53. Ng6+ Kh7 54. Nf8+ Kh6 55. Rg6+ Kh5 56. Rg8 Rxe5 57. Rh8+ Kg5 58. Rxh2 a5 59. Nd7 Rd5 60. Nb6 Rb5 61. Nc4 Rc5 62. Kd3 Rd5+ 1/2-1/2

[Event "GER-ch U25 op-A"]
[Site "Oberhof"]
[Date "2013.05.19"]
[Round "2"]
[White "Kempe, Markus"]
[Black "Donath, Johann"]
[Result "1/2-1/2"]
[WhiteElo "1649"]
[BlackElo "1958"]
[PlyCount "71"]
[EventDate "2013.05.19"]
[EventType "swiss"]
[EventRounds "9"]
[EventCountry "GER"]
[SourceTitle "CBM 154 Extra"]
[Source "ChessBase"]
[SourceDate "2013.06.25"]
[SourceVersion "2"]
[SourceVersionDate "2013.06.25"]
[SourceQuality "1"]

1. e4 e5 2. Nf3 Nc6 3. Bc4 Bc5 4. c3 Nf6 5. d4 exd4 6. cxd4 Bb4+ 7. Bd2 Bxd2+ 8. Nbxd2 d5 9. exd5 Nxd5 10. Qb3 Nce7 11. 0-0 0-0 12. Rfe1 c6 13. Rac1 Qb6 14. Bd3 Ng6 15. Bb1 Be6 16. Ng5 Qxd4 17. Ndf3 Qf6 18. Nxe6 fxe6 19. Bxg6 Qxg6 20. Re5 Rae8 21. Kh1 Rf7 22. Rce1 h6 23. Nd4 Rxf2 24. g3 Qf7 25. Qd3 Nc7 26. Kg1 Rf6 27. Qe2 Kf8 28. Qc4 Rd8 29. Qc5+ Qe7 30. Qxa7 Qd7 31. R5e4 Nb5 32. Qc5+ Kf7 33. Nxe6 Ra8 34. Qc4 Qd5 35. Qb4 Qd6 36. Qc4 1/2-1/2

[Event "GER-chT U14"]
[Site "Magdeburg"]
[Date "2012.12.30"]
[Round "7.2"]
[White "Donath, Johann"]
[Black "Geue, Niklas"]
[Result "1-0"]
[WhiteElo "1924"]
[BlackElo "1531"]
[PlyCount "123"]
[EventDate "2012.12.27"]
[EventType "team-swiss"]
[EventRounds "7"]
[EventCountry "GER"]
[SourceTitle "EXT 2014"]
[Source "ChessBase"]
[SourceDate "2013.11.20"]
[SourceVersion "1"]
[SourceVersionDate "2013.11.20"]
[SourceQuality "1"]
[WhiteTeam "Weissensee Chemie"]
[BlackTeam "Magdeburg USC"]
[WhiteTeamCountry "GER"]
[BlackTeamCountry "GER"]

1. e4 e6 2. d4 d5 3. exd5 exd5 4. c4 c6 5. Nc3 Bb4 6. Bd3 Nf6 7. Nf3 0-0 8. 0-0 Bg4 9. Be3 Nbd7 10. Re1 dxc4 11. Bxc4 Nb6 12. Bd3 Nbd5 13. Rc1 Qa5 14. Bd2 Bxf3 15. gxf3 Nxc3 16. bxc3 Bd6 17. f4 Qxa2 18. Ra1 Qd5 19. Be3 Qh5 20. Qxh5 Nxh5 21. Reb1 Rfb8 22. f5 a5 23. Ra2 Nf4 24. Be4 Ra6 25. Rba1 Rba8 26. c4 Nh5 27. Rb1 Nf6 28. Bf3 R6a7 29. d5 c5 30. Rb5 Nd7 31. f6 b6 32. fxg7 Kxg7 33. Bd1 Rb8 34. Ba4 Rab7 35. f4 Kf6 36. Kf2 Nf8 37. Rb1 Ke7 38. Rab2 Nd7 39. Bd2 Bc7 40. Bc3 Ra7 41. Re2+ Kd8 42. Rg1 Bxf4 43. Rg7 Bxh2 44. Rxf7 Bd6 45. Bf6+ Nxf6 46. Rxa7 Bc7 47. d6 Bxd6 48. Rf7 Ng4+ 49. Kg2 Ne5 50. Rxh7 Rc8 51. Rd2 Nxc4 52. Rd7+ Ke8 53. R7xd6+ Ke7 54. Rd7+ Kf6 55. Re2 Rg8+ 56. Kf2 Ne5 57. Rd6+ Ke7 58. Rd5 Rg5 59. Rexe5+ Rxe5 60. Rxe5+ Kd6 61. Rh5 Kc7 62. Ke3 1-0

[Event "GER-chT U14"]
[Site "Magdeburg"]
[Date "2012.12.29"]
[Round "5.2"]
[White "Donath, Johann"]
[Black "Grieb, Lukas"]
[Result "1-0"]
[WhiteElo "1924"]
[BlackElo "1636"]
[PlyCount "43"]
[EventDate "2012.12.27"]
[EventType "team-swiss"]
[EventRounds "7"]
[EventCountry "GER"]
[SourceTitle "EXT 2014"]
[Source "ChessBase"]
[SourceDate "2013.11.20"]
[SourceVersion "1"]
[SourceVersionDate "2013.11.20"]
[SourceQuality "1"]
[WhiteTeam "Weissensee Chemie"]
[BlackTeam "Gau Algesheim"]
[WhiteTeamCountry "GER"]
[BlackTeamCountry "GER"]

1. e4 c5 2. c3 Nc6 3. d4 cxd4 4. cxd4 e6 5. Nc3 Nf6 6. Nf3 Be7 7. Bd3 0-0 8. 0-0 d5 9. e5 Nd7 10. Be3 f6 11. exf6 Nxf6 12. Qe2 Qc7 13. Rad1 Bd7 14. Rfe1 Rfe8 15. Bb1 Kh8 16. h3 a6 17. Ng5 Bb4 18. Bxh7 Bxc3 19. bxc3 e5 20. Bg6 Re7 21. dxe5 Nxe5 22. Bf4 1-0

[Event "GER-chT U14"]
[Site "Magdeburg"]
[Date "2012.12.28"]
[Round "4.2"]
[White "Kretzschmar, Arnd"]
[Black "Donath, Johann"]
[Result "0-1"]
[WhiteElo "1751"]
[BlackElo "1924"]
[PlyCount "40"]
[EventDate "2012.12.27"]
[EventType "team-swiss"]
[EventRounds "7"]
[EventCountry "GER"]
[SourceTitle "EXT 2014"]
[Source "ChessBase"]
[SourceDate "2013.11.20"]
[SourceVersion "1"]
[SourceVersionDate "2013.11.20"]
[SourceQuality "1"]
[WhiteTeam "Halle Volksbank"]
[BlackTeam "Weissensee Chemie"]
[WhiteTeamCountry "GER"]
[BlackTeamCountry "GER"]

1. e4 e5 2. Nf3 Nc6 3. Bc4 Bc5 4. b4 Bxb4 5. c3 Ba5 6. d4 exd4 7. 0-0 Nf6 8. e5 d5 9. exd6 0-0 10. dxc7 Qxc7 11. cxd4 Bg4 12. Bb2 Rad8 13. d5 Qf4 14. Bxf6 Qxf6 15. Nbd2 Bxd2 16. Qxd2 Bxf3 17. gxf3 Ne5 18. Be2 Nxf3+ 19. Bxf3 Qxf3 20. Rfd1 Rd6 0-1

[Event "GER-chT U14"]
[Site "Magdeburg"]
[Date "2012.12.27"]
[Round "1.2"]
[White "Donath, Johann"]
[Black "Tuente, Marcel"]
[Result "1-0"]
[WhiteElo "1924"]
[BlackElo "1543"]
[PlyCount "85"]
[EventDate "2012.12.27"]
[EventType "team-swiss"]
[EventRounds "7"]
[EventCountry "GER"]
[SourceTitle "EXT 2014"]
[Source "ChessBase"]
[SourceDate "2013.11.20"]
[SourceVersion "1"]
[SourceVersionDate "2013.11.20"]
[SourceQuality "1"]
[WhiteTeam "Weissensee Chemie"]
[BlackTeam "Raesfeld Erle"]
[WhiteTeamCountry "GER"]
[BlackTeamCountry "GER"]

1. e4 e5 2. Nf3 Nc6 3. Bc4 Bc5 4. c3 Qe7 5. 0-0 d6 6. d3 Nf6 7. Nbd2 0-0 8. h3 Be6 9. Bb3 Nh5 10. Re1 Nf4 11. Nf1 Bxb3 12. axb3 Qf6 13. Be3 Rfd8 14. Ng3 Qg6 15. d4 Bb6 16. Kh2 d5 17. dxe5 dxe4 18. Nd4 Nd3 19. Re2 Ndxe5 20. Nxc6 Rxd1 21. Ne7+ Kf8 22. Nxg6+ hxg6 23. Rxd1 f5 24. Bxb6 axb6 25. Rd5 Nd3 26. Rd7 Rc8 27. h4 Nc5 28. Rd1 Nxb3 29. h5 Kf7 30. Rd7+ Kf6 31. f3 Nc5 32. Rd1 exf3 33. gxf3 Rh8 34. Rd5 Ne6 35. Rd7 gxh5 36. Red2 h4 37. Ne2 Ng5 38. R2d3 Ne6 39. b4 g5 40. Re3 g4 41. Rd5 g3+ 42. Kh1 c6 43. Rd6 1-0

[Event "GER-chT U14"]
[Site "Lingen"]
[Date "2011.12.29"]
[Round "5.2"]
[White "Wanner, Lukas"]
[Black "Donath, Johann"]
[Result "1-0"]
[WhiteElo "1594"]
[BlackElo "1871"]
[PlyCount "61"]
[EventDate "2011.12.27"]
[EventType "team-swiss"]
[EventRounds "7"]
[EventCountry "GER"]
[SourceTitle "EXT 2022"]
[Source "ChessBase"]
[SourceDate "2021.10.06"]
[SourceVersion "1"]
[SourceVersionDate "2021.10.06"]
[SourceQuality "1"]
[WhiteTeam "Kiel Doppelbauer U14"]
[BlackTeam "Weissensee Chemie"]
[WhiteTeamCountry "GER"]
[BlackTeamCountry "GER"]

1. e4 e5 2. Nf3 Nc6 3. Bb5 a6 4. Ba4 Nf6 5. d3 b5 6. Bb3 Be7 7. 0-0 0-0 8. Re1 d6 9. c3 Na5 10. Bc2 c5 11. Nbd2 Re8 12. Nf1 Bf8 13. Ng3 h6 14. h3 g6 15. Be3 d5 16. Qe2 d4 17. cxd4 cxd4 18. Bd2 Nc6 19. Bb3 Bb7 20. Nh4 Kg7 21. Nf3 Nd7 22. a3 Nb6 23. h4 Bc8 24. Qd1 Bg4 25. Qc1 Rc8 26. Bxh6+ Kg8 27. Bxf8 Bxf3 28. gxf3 Na5 29. Qh6 Rxf8 30. Qxg6+ Kh8 31. Qh6+ 1-0

[Event "GER-chT U14"]
[Site "Lingen"]
[Date "2011.12.28"]
[Round "3.2"]
[White "Dette, Tim"]
[Black "Donath, Johann"]
[Result "0-1"]
[WhiteElo "1553"]
[BlackElo "1871"]
[PlyCount "76"]
[EventDate "2011.12.27"]
[EventType "team-swiss"]
[EventRounds "7"]
[EventCountry "GER"]
[SourceTitle "EXT 2022"]
[Source "ChessBase"]
[SourceDate "2021.10.06"]
[SourceVersion "1"]
[SourceVersionDate "2021.10.06"]
[SourceQuality "1"]
[WhiteTeam "Katernberg U14"]
[BlackTeam "Weissensee Chemie"]
[WhiteTeamCountry "GER"]
[BlackTeamCountry "GER"]

1. e4 e5 2. d4 exd4 3. Nf3 Nc6 4. c3 dxc3 5. Bc4 d6 6. Qb3 Qd7 7. 0-0 g6 8. Nxc3 Bg7 9. Bf4 Nh6 10. Rad1 Ng4 11. e5 Ngxe5 12. Bxe5 Bxe5 13. Nxe5 Nxe5 14. Rfe1 Qf5 15. Bd3 Qh5 16. Nd5 Kd8 17. Qc3 c6 18. Qa5+ b6 19. Nxb6 Nf3+ 20. gxf3 Qxa5 21. Nxa8 Re8 22. Rxe8+ Kxe8 23. a3 Bb7 24. Bf1 Kd7 25. Bh3+ Ke7 26. Bg2 Bxa8 27. Bf1 Qg5+ 28. Bg2 c5 29. Re1+ Kf6 30. Kf1 Bd5 31. Re3 Be6 32. f4 Qh6 33. Rh3 Bxh3 34. Bxh3 Qxh3+ 35. Kg1 Kf5 36. b4 Kxf4 37. bxc5 Kf3 38. cxd6 Qg2# 0-1